000 02079nam0a2200361 4500
001 RU\NLR\bibl\847895
005 20260407143727.0
010 _a5-246-00834-7
021 _aRU
_b2005-22791
_91160
035 _a(NLR Aleph) 000836660
090 _a1394498
_c1394498
100 _a20051004d2005 |||y0rusy50 ca
101 0 _arus
102 _aRU
105 _aa |||||||||
200 1 _aБизнес-карта-2005. [Промышленность. Отрасль]. Страны СНГ. [Деловые справочники]. Том 19
_iЛесная и деревообрабатывающая промышленность. Лесоматериалы. Фанера. ДСП. ДВП. Спички. Пиломатериалы. Тара деревянная
_fАгентство деловой информации [Бизнес-карта]
205 _a14-е изд.
210 _aМосква
_cАДИ "Бизнес-карта"
_d2005
215 _a382,[1] с.
_cил.
_d20
300 _aНа обл. только част. загл. тома в сокр. виде
320 _aАлф. указ. по видам продукции и услуг: с. 7-30
320 _aАлф. указ. по видам сырья и материалов, используемых предприятиями: с. 31
320 _aАлф. указ. предприятий по обл., респ.: с. 32-62
606 1 _aЛесная промышленность
_jБизнес-карты
_yСтраны СНГ
_92137205
_3RU\NLR\auth\661288584
606 1 _aДеревообрабатывающая промышленность
_jБизнес-карты
_yСтраны СНГ
_92140213
_3RU\NLR\auth\661290047
686 _aУ30(2)61я2
686 _aУ30(2)616.51я2
712 0 2 _4570
_a"Бизнес-карта", агентство деловой информации
_cМосква
_3RU\NLR\AUTH\8810016251
_9530346
801 0 _aRU
_bNLR
_c20051004
_grcr
801 1 _aRU
_bNLR
_c20051004
942 _cBOOK
980 _aNB